Villes des Hautes-Alpes par arrondissement - Statistiques

Statistiques générales
  • Ce quiz a été pris 61 fois
  • Le résultat moyen est 6 sur 10
Statistiques - réponses
Ville Population % Correct
Briançon 10 561
95%
Gap 40 500
95%
Embrun 6 404
81%
Chorges 3 065
71%
Guillestre 2 292
71%
Veynes 3 238
69%
L'Argentière-la-Bessée 2 267
48%
Laragne-Montéglin 3 585
43%
Villar-Saint-Pancrace 1 449
17%
Saint-Chaffrey 1 515
14%
Aucun quiz correspondant
Distribution des résultats
% des personnes avec chaque résultat
Percentile par nombre de réponses
Votre historique - résultats
Vous n’avez pas pris ce quiz